Medical anthropology : a biocultural approach /
"An ideal core text for introductory courses, Medical Anthropology: A Biocultural Approach, Second Edition, offers an accessible and contemporary overview of this rapidly expanding field. For each health issue examined in the text, the authors first present basic biological information on speci...
Saved in:
| Main Author: | |
|---|---|
| Other Authors: | |
| Format: | Book |
| Language: | English |
| Published: |
New York :
Oxford University Press,
2009.
|
| Subjects: | |
| Tags: |
Add Tag
No Tags, Be the first to tag this record!
|
| LEADER | 02460cam a2200421 a 4500 | ||
|---|---|---|---|
| 001 | 012943473-6 | ||
| 005 | 20111208115420.0 | ||
| 008 | 080226s2009 nyua b 001 0 eng | ||
| 010 | |a 2008008554 | ||
| 015 | |a GBA8A2682 |2 bnb | ||
| 016 | 7 | |a 014701821 |2 Uk | |
| 016 | 7 | |a 101502300 |2 DNLM | |
| 020 | |a 9780195308822 | ||
| 020 | |a 0195308824 | ||
| 020 | |a 9780195308839 (pbk.) | ||
| 020 | |a 0195308832 (pbk.) | ||
| 035 | 0 | |a ocn212432520 | |
| 040 | |a DLC |b eng |c DLC |d BTCTA |d CDX |d UKM |d YDXCP |d NLM |d OCLCQ |d HLS | ||
| 050 | 0 | 0 | |a GN296 |b .W55 2009 |
| 060 | 0 | 0 | |a 2009 D-884 |
| 060 | 1 | 0 | |a GN 296 |b W676m 2009 |
| 082 | 0 | 0 | |a 306.4/61 |2 22 |
| 100 | 1 | |a Wiley, Andrea S., |d 1962- | |
| 245 | 1 | 0 | |a Medical anthropology : |b a biocultural approach / |c Andrea S. Wiley, John S. Allen. |
| 260 | |a New York : |b Oxford University Press, |c 2009. | ||
| 300 | |a xvii, 459 p. : |b ill. ; |c 25 cm. | ||
| 504 | |a Includes bibliographical references (p. 412-443) and index. | ||
| 520 | |a "An ideal core text for introductory courses, Medical Anthropology: A Biocultural Approach, Second Edition, offers an accessible and contemporary overview of this rapidly expanding field. For each health issue examined in the text, the authors first present basic biological information on specific conditions and then expand their analysis to include evolutionary, historical, and cross-cultural perspectives on how these issues are understood. Medical Anthropology considers how a biocultural approach can be applied to more effective prevention and treatment efforts and underscores medical anthropology's potential to improve health around the world."--Publisher's website. | ||
| 505 | 0 | |a Introduction -- Anthropological Perspectives on Health and Disease -- Healers and Healing -- Diet and Nutrition in Health and Disease -- Growth and Development -- Reproductive Health in Biocultural Context -- Aging -- Infectious Diseases: Pathogens, Hosts, and Evolutionary Interplay -- Globalization, Poverty, and Infectious Disease -- Stress, Social Inequality, and Race and Ethnicity: Implications for Health Disparities -- Mental Health and Illness -- Epilogue: The Relevance of Medical Anthropology. | |
| 650 | 0 | |a Medical anthropology. | |
| 650 | 1 | 2 | |a Anthropology. |
| 650 | 2 | 2 | |a Cross-Cultural Comparison. |
| 650 | 2 | 2 | |a Health Knowledge, Attitudes, Practice. |
| 700 | 1 | |a Allen, John S. |q (John Scott), |d 1961- | |
| 899 | |a GIFT_415_KLEINM | ||
| 988 | |a 20111014 | ||
| 049 | |a TOZZ | ||
| 906 | |0 DLC | ||


